| 000 | 00445cam a2200169ua 4500 | ||
|---|---|---|---|
| 020 | _c1.50 | ||
| 041 |
_amal _h |
||
| 082 |
_a894.8122 _bKUM/AG |
||
| 100 | _aKumara pillai, Kainikkara . | ||
| 245 |
_aAgnipareeksha / _cKainikkara Kumara pillai. _hTextual Documents |
||
| 260 |
_aKottayam : _bSahitya Pravarthaka Co-operative Society , _c1954. |
||
| 300 | _a123 ; . | ||
| 365 | _a1.50 | ||
| 504 | _a | ||
| 942 | _cBK | ||
| 999 |
_c807 _d807 |
||